000 00846nam a2200193Ii 4500
003 JO-AjNU
008 230605s9999||||xx |||||||||||||| ||und||
040 _aJO-AjNU
_bara
_erda
_cJO-AjNU
041 _aara
050 1 4 _aHD62.15.2012
100 3 _aبحوث اوراق عمل,
_eauthor
_934407
245 0 0 _aاستراتيجيات التميز في المنظمات في بيئة متجددة
264 3 1 _aالقاهرة،اربد:المنظمة العربية للتنمية الادارية،جامعة جدارا،2012
300 _a794ص
_bبحوث واوراق عمل مؤتمر منظمات متميزة في بيئة متجددة بالتعاون مع جامعة جدارا
336 _atext
_btxt
_2rdacontent
337 _aunmediated
_bn
_2rdamedia
338 _avolume
_bnc
_2rdacarrier
650 4 _aادارة الاعمال
_934408
999 _aA14105
_c17673
_d17673